| 000 | 00484nam a2200193Ia 4500 | ||
|---|---|---|---|
| 008 | 131103s9999 xx 000 0 und d | ||
| 020 | _a330269186 | ||
| 040 | _aLoreto College | ||
| 041 | _aEnglish | ||
| 082 |
_aF/FRA _bLCBED/12671 |
||
| 100 | _aFrancis, Dick | ||
| 245 |
_aTwice shy _cDick Francis |
||
| 260 |
_aLondon _bPan book _c1982 |
||
| 300 |
_a269p. _c 18 cm. |
||
| 650 | _aEnglish fiction | ||
| 651 | _aEnglish literature | ||
| 850 | _aLCBED/823.91/FRA | ||
| 942 | _cBK | ||
| 999 |
_c32383 _d82862 |
||